000 00777nam a22002537a 4500
001 BR6100328
003 BR-BrBNA
005 20230928083359.0
007 ta
008 230509b bl.||||| |||| 00| 0 por d
040 _aBR-BrBNA
_bpor
_cBiblioteca Nacional de Agricultura
041 _a(Por)
072 _aD50; E14
_b/G514
090 _ D50 BR6100328
110 1 _aServico de Informacao Agricola, Rio de Janeiro, GB (Brasil)
245 1 _aInstituicao, organizacao, funcionamento [Comissao de Amparo a Producao Agropecuaria, decreto, Brasil]
260 3 _aRio de Janeiro, GB (Brasil):
_c1961.
300 _a16 p.
650 _aDESENVOLVIMENTO AGRICOLA
650 _aINSTITUICAO AGRICOLA
650 _aDECRETO
909 _a202309
_bLucia
_c55
_dLucia Elande
942 _cBK
999 _c13153
_d13153